| 000 | 00950nam a22002177a 4500 | ||
|---|---|---|---|
| 999 |
_c194103 _d194103 |
||
| 005 | 20230426114153.0 | ||
| 010 | _aB-747161-172 E.N.A./7.11.22 | ||
| 020 |
_a9788123701479 _c190.00 |
||
| 035 | _aB-747161-172 | ||
| 037 | _bVaibhav Publication | ||
| 082 | _a328.54 | ||
| 100 | _aKashyap, Subhash C. | ||
| 245 |
_aOur parliament: _cby Subhash C. Kashyap _ban introduction to the parliament of India / |
||
| 260 |
_aNew Delhi _bNational Book Trust _c2020 |
||
| 270 |
_aNehru Bhawan, 5 Institutional Area, Phase-II, Vasant Kunj _bNew Delhi _e110070 |
||
| 300 |
_axiii, 327p _c22cm (pbk) |
||
| 490 | _aIndia- the land and the people | ||
| 500 | _aIncludes bibliographical references and index | ||
| 942 |
_2ddc _cEN _mKAS _h328.54 |
||